Así que pasen cinco años (Record no. 69892)

MARC details
000 -LEADER
campo de control de longitud fija 00680nam a2200193 i 4500
001 - NÚMERO DE CONTROL
campo de control 69892
003 - IDENTIFICADOR DE NÚMERO DE CONTROL
campo de control ES-MaACL
005 - FECHA Y HORA DE LA ÚLTIMA TRANSACCIÓN
campo de control 20230906170642.0
007 - CAMPO FIJO DE DESCRIPCIÓN FÍSICA--INFORMACIÓN GENERAL
campo de control de longitud fija t|
008 - DATOS DE LONGITUD FIJA--INFORMACIÓN GENERAL
campo de control de longitud fija 040713s1976 sp |||| | spa d
100 1# - ENTRADA PRINCIPAL--NOMBRE DE PERSONA
Nombre de persona García Lorca, Federico,
Fechas asociadas al nombre 1898-1936
9 (RLIN) 54853
245 10 - MENCIÓN DEL TÍTULO
Título Así que pasen cinco años
Resto del título ; Amor de Don Perlimplín con Belisa en su jardín /
Mención de responsabilidad, etc. Federico García Lorca ; edición y estudio preliminar de E.F. Granell.
260 ## - PUBLICACIÓN, DISTRIBUCIÓN, ETC.
Lugar de publicación, distribución, etc. [Madrid] :
Nombre del editor, distribuidor, etc. Taurus,
Fecha de publicación, distribución, etc. [1976]
300 ## - DESCRIPCIÓN FÍSICA
Extensión 165 p. ;
Dimensiones 19 cm.
700 1# - ENTRADA AGREGADA--NOMBRE PERSONAL
Nombre de persona Granell, Eugenio F.
9 (RLIN) 59617
740 02 - ENTRADA AGREGADA--TÍTULO RELACIONADO/ANALÍTICO NO CONTROLADO
Título relacionado o analítico no controlado Amor de Don Perlimplín con Belisa en su jardín.
852 ## - LOCALIZACIÓN
Ubicación ES-MaACL
Número de control de estantería A-5783
Holdings
Estatus retirado Estado de pérdida Estado de daño No para préstamo Biblioteca de origen Biblioteca actual Ubicación en estantería Fecha de adquisición Fuente de adquisición Total de préstamos Signatura topográfica completa Código de barras Visto por última vez Precio de reemplazo Tipo de ítem Koha
        Biblioteca del Ateneo de Madrid Biblioteca del Ateneo de Madrid Sala Pecera Planta 1 17/01/2008     A-5783 1073187 23/02/2023 23/02/2023 Libro impreso